000 00458nam a2200181Ia 4500
005 20250423100023.0
008 250422s9999 xx 000 0 und d
020 _a9781405160353
050 _aPN 86 .H23/
100 _aHabib, M. A. R.
245 0 _aLiterary criticism from plato to the present : an introduction
260 _aMalden
260 _bBlackwell Pub.
260 _c2011
300 _a298 p
650 _aCriticism--History.
942 _cBK
999 _c32045
_d32045